Longman English Grammar

Salvato in:
Dettagli Bibliografici
Autore principale: Alexander, L.G
Natura: Libro
Lingua:inglese
Pubblicazione: London Longman 1988
Edizione:1. ed.
Tags: Aggiungi Tag
Nessun Tag, puoi essere il primo ad aggiungerne!!

MARC

LEADER 00000nam a2200000 4500
001 c025376
005 20221219120131.3
041 0 |a eng 
044 |a GB 
245 1 0 |a Longman English Grammar  |c L.G. Alexander 
250 |a 1. ed. 
264 1 |a London  |b Longman  |c 1988 
300 |a 374 s. 
100 1 |a Alexander, L.G.